00717cam a22002291 4500001001300000003000400013005001700017008004100034010001700075035002000092040004000112042001200152050002000164110003600184245004400220260004800264300002300312500004200335500005200377610004100429999001700470war17000109 DLC20260227112811.0850314s1917 dcu f000 0 eng c awar17000109  a(OCoLC)11802785 aU.S. Army War Coll. Libr.cNhDdDLC apremarc00aUC323b.A5 19171 aUnited States.bWar Department.10aHarbor boat service regulations.b1917. aWashington,bU.S. Govt. Print. Off.,c1917. a29 p.c15 x 11 cm. aAt head of title: United States Army. aOn verso of t.-p.: War dept., Document no. 570.10aUnited States.bHarbor boat service. c92318d92318